| 000 | 00343nam a22001337a 4500 | ||
|---|---|---|---|
| 008 | 170922b xxu||||| |||| 00| 0 eng d | ||
| 020 | _a039497402 | ||
| 041 | _aeng | ||
| 080 | _a902 | ||
| 100 | _a45 | ||
| 101 | _aARK | ||
| 245 |
_aTHE MAKING OF CIVILIZATION HISTORY DISCOVERED THROUGH ARCHAELOGY _cWILKINS.J |
||
| 942 |
_2udc _cBK |
||
| 999 |
_c28901 _d28901 |
||